000
00272nam a2200109Ia 4500
008
190912s9999||||xx |||||||||||||| ||und||
100
_a
William O Bearden
245
0
_a
Marketing Principles and Perspectives
260
_a
USA
_b
Prentice
_c
1995
300
_a
631
942
_c
BK
999
_c
7144
_d
7144